000 00586nam a2200217Ia 4500
005 20250923145632.0
008 008 250917s9999 xx 000 0 eng d
037 _aTextual
040 _aDSWL
_beng
_cDSWL
041 _aeng
_2eng
084 _aSI:7, N80
_qDSWL
100 _aHurlock, E.B.
_9837405
245 0 _aDevelopmental Psychology
_c by E.B.Hurlock
250 _a5th
260 _aNew Delhi
_bDelhi Tata McGraw Hill
_c1980
300 _axiv,477 p.
365 _aINR
_b35.10
925 _g35.10
942 _cTEXL
_hSI:7, N80
999 _c1453752
_d1453752